Представление документа в формате RUSMARC

ПолеНазваниеЗначение
  Тип записи a
  Библиографический уровень m
001 Контрольный номер e5493f43ccb14644aadcca0062fe0ada
005 Дата корректировки 20221006112654.0
010 Индекс ISBN __
a ISBN 978-5-6044765-3-6
d Цена подарочная
101 Язык документа 0_
a Язык текста rus
102 Страна публикации __
a Страна публикации RU
200 Заглавие и сведения об ответственности 1_
a Заглавие Исследование инновационных возможностей предприятия: прикладной аспект
b Общее обозначение материала Текст
e Сведения, относящиеся к заглавию Монография
f Первые сведения об ответственности Хайров Р. Р.
210 Выходные данные 1_
a Место издания Саранск
c Издательство ООО "Принтиз"
d Дата издания 2020
215 Физическое описание __
a Объем 100 с.
610 Ключевые слова 0_
a Ключевые слова исследование
a Ключевые слова инновационные возможности
a Ключевые слова предприятие
a Ключевые слова прикладной аспект
a Ключевые слова методы оценки
686 Индексы других классификаций __
a Классификационный индекс 65.29
700 Автор _1
a Фамилия Хайров Р. Р.
801 Источник записи _0
a Страна RU
b Организация РУК
g Правила каталогизации PSBO
801 Источник записи _1
a Страна RU
b Организация РУК
g Правила каталогизации PSBO
852 Данные о местонахождении __
i Авторский знак Х 15
j Шифр хранения 65.29
901 Тип документа __
t Тип документа m
937 Технологическая информация __
a Создатель записи (имя) Носкова
938 Служебная информация __
a Название организации Саранский филиал
952 Тип литературы __
c Вид литературы монография